00813nam a22002417a 450000500170000000800410001701000150005802000260007303500130009903700130011204000130012508200120013824500750015026000410022527000790026630000240034550000510036965000230042065000340044365000360047765000410051370000170055420110125112532.0110125t xxu||||| |||| 00| 0 eng d aENG-101951 a9788132106319c795.00 aEN-85484 bDBAD/PUB adplbEng00a65822200aTowards the next orbit :ba corporate odyssey /cedited by Subir Verma aNew Delhi bSAGE Publicationscc2010 aB1/I-1 Mohan Cooperative Industrial Area, Mathura RoadbNew Delhi e110044 axx,466p.c23cm (Hb) aIncludes bibliographical references and index. 0aManagementzIndia. 0aOrganizational changezIndia. 0aOrganizational behaviorzIndia. 0aOrganizational effectivenesszIndia.1 aVerma, Subir